Advent Quiz - Statistiken

Allgemein
  • Dieses Quiz wurde 146 mal gespielt
  • Das Durchschnittsergebnis liegt bei 7 aus 15
Antwortstatistiken
Frage Antwort % Korrekt
Advent, Advent ein ... brennt Lichtlein
100%
Welcher Heilige bringt den Kindern zur Adventszeit "Apfel, Nuss und Mandelkern"... Nikolaus
74%
Eine scherzhafte Erweiterung eines Adventsgedichtes lautet: "Und wenn die 5. Kerze brennt, dann hast du Weihnachten ..." verpennt
71%
Unter den Zweigen welcher Pflanze muss man sich in der angloamerikanischen Adventstradition küssen, wenn mit einer anderen Person darunter steht. Mistel
70%
Welche Farbe hat das Gewand eines katholischen Priesters bei Gottesdiensten im Advent? (eventuelle Ausnahme: 3. Adventssonntag) violett
69%
In welchem Land hat der Adventskranz seinen Ursprung? Deutschland
55%
Was bedeutet das lateinische Wort "adventus" von dem sich "Advent" ableitet? Ankunft
54%
Welche Stadt ist bekannt für sein auf zwei Jahre "gewähltes" Christkind, welches auf einem Balkon den Christkindlesmarkt eröffnet? Nürnberg
53%
Welches ist das früherst mögliche Datum für den 1. Adventssonntag? 27. November
37%
... und wie heißt dessen böser Begleiter in Teilen Bayerns und Österreichs? Krampus
36%
Am 13. Dezember tragen in Schweden Mädchen einen Kranz mit Kerzen auf dem Kopf und sind ganz in weiß gekleidet, um den Namenstag welcher Heiligen zu feiern? Lucia
28%
Der Schwibbogen ist eine Adventstradition aus welcher deutschen Region? Erzgebirge
27%
Wie heißt der Weihnachtsmarkt in Dresden, der nach einem Süßgebäck benannt ist? Strietzelmarkt
27%
Ein Glühwein sollte diese Temperatur niemals überschreiten, denn der Siedepunkt für Alkohol liegt bei ... Grad Celsius 78,37
26%
Von welchem Dichter stammen die folgenden Zeilen aus seinem Gedicht Advent: "Es treibt der Wind im Winterwalde / Die Flockenherde wie ein Hirt " ? Rainer Maria Rilke
3%
Keine übereinstimmenden Quizze gefunden
Verteilung der Resultate
Anzahl Personen mit jedem Resultat
Perzentil nach korrekt beantworteten Fragen
Ihre Resultats-Entwicklung
Sie haben dieses Quiz noch nicht gespielt